Banking soundness and monetary policy issues and experiences in the global economy

Saved in:
Bibliographic Details
Other Authors: Enoch, Charles, Green, John H.
Format: Book
Language:English
Published: Washington, D.C. IMF 1997
Subjects:
Tags: Add Tag
No Tags, Be the first to tag this record!

MARC

LEADER 00000nam$a2200000$$$4500
001 0011063
005 20240104132524.3
020 |a 1-55775-645-7 
041 0 |a eng 
044 |a US 
245 1 0 |a Banking soundness and monetary policy  |b issues and experiences in the global economy  |c editors Charles Enoch, John H. Green 
264 1 |a Washington, D.C.  |b IMF  |c 1997 
300 |a 542 s. 
610 2 0 |a bankovníctvo 
610 2 0 |a banky 
610 2 0 |a banky centrálne 
610 2 0 |a politika menová 
610 2 0 |a politika peňažná 
610 2 0 |a pohyb kapitálu 
610 2 0 |a trh kapitálový 
610 2 0 |a trh kapitálový medzinárodný 
610 2 0 |a hospodárstvo trhové 
610 2 0 |a zmeny štruktúrne 
610 2 0 |a sústava banková 
610 2 0 |a porovnanie medzinárodné 
700 1 |a Enoch, Charles 
700 1 |a Green, John H.